15 Countries That Drink the Most Wine, per capita - Statistics

General Stats
  • This quiz has been taken 236 times
  • The average score is 9 of 15
Answer Stats
litres / per capita Wine Country % Correct
43.1 France
97%
34.1 Italy
97%
43.7 Portugal
85%
28.5 Greece
80%
29.4 Austria
73%
37 Switzerland
73%
42.5 Slovenia
67%
46.9 Croatia
62%
27.4 Romania
60%
25.7 Sweden
53%
56.9 Andorra
51%
30.7 Moldova
44%
56.2 Vatican
40%
40.4 Macedonia
33%
28.1 Uruguay
22%
No matching quizzes found
Score Distribution
Percent of People with Each Score
Percentile by Number Answered
Your Score History
You have not taken this quiz